000 00539nam a2200181Ia 4500
005 20250508161620.0
008 008 250505s9999 xx 000 0 eng d
037 _aTextual
040 _aFEDL
_beng
_cFEDL
041 _aeng
_2eng
084 _a658.01, ODI
_qFEDL
100 _aOdiorne George S
245 0 _aManagement by objectivies : A system of managerical leadership
260 _aNew York, USA
_bPitman Publishing Corporation
_c1970
300 _a204p.
942 _cTEXL
_h658.01, ODI
999 _c1371141
_d1371141